Coleridge, Keats and Shelley (Record no. 103266)

MARC details
000 -LEADER
fixed length control field 00668nam a2200241Ia 4500
003 - CONTROL NUMBER IDENTIFIER
control field OSt
005 - DATE AND TIME OF LATEST TRANSACTION
control field 20251028103645.0
008 - FIXED-LENGTH DATA ELEMENTS--GENERAL INFORMATION
fixed length control field 210210b1996 xxu||||| |||| 00| 0 eng d
020 ## - INTERNATIONAL STANDARD BOOK NUMBER
International Standard Book Number 0333608909
040 ## - CATALOGING SOURCE
Transcribing agency AL
041 ## - LANGUAGE CODE
Language code of text/sound track or separate title eng
082 ## - DEWEY DECIMAL CLASSIFICATION NUMBER
Classification number 820.9 PECC
100 ## - MAIN ENTRY--PERSONAL NAME
Personal name John Peck
9 (RLIN) 242935
245 ## - TITLE STATEMENT
Title Coleridge, Keats and Shelley
Remainder of title : New casebooks
260 ## - PUBLICATION, DISTRIBUTION, ETC.
Place of publication, distribution, etc. London
Name of publisher, distributor, etc. Macmillan Press Ltd
Date of publication, distribution, etc. 1996
300 ## - PHYSICAL DESCRIPTION
Extent xi,241p
650 ## - SUBJECT ADDED ENTRY--TOPICAL TERM
Topical term or geographic name entry element Coleridge Keats Shelley critical Essays New Case Books
9 (RLIN) 242936
690 ## - LOCAL SUBJECT ADDED ENTRY--TOPICAL TERM (OCLC, RLIN)
Topical term or geographic name as entry element English Criticism
9 (RLIN) 242937
700 ## - ADDED ENTRY--PERSONAL NAME
Personal name Coyle, Martin
9 (RLIN) 242938
710 ## - ADDED ENTRY--CORPORATE NAME
Corporate name or jurisdiction name as entry element Kitson, Peter J Ed
9 (RLIN) 242939
906 ## - LOCAL DATA ELEMENT F, LDF (RLIN)
a 056008
942 ## - ADDED ENTRY ELEMENTS (KOHA)
Source of classification or shelving scheme Dewey Decimal Classification
Koha item type Book
Holdings
Withdrawn status Lost status Source of classification or shelving scheme Damaged status Not for loan Collection code Home library Current library Date acquired Source of acquisition Cost, normal purchase price Total Checkouts Full call number Barcode Date last seen Price effective from Koha item type
    Dewey Decimal Classification     English St Aloysius Library St Aloysius Library 02/17/2021 Sita Book House, Mangalore. 310.00   820.9 PECC 056008 02/17/2021 02/17/2021 Book